书目信息 |
| 题名: |
聋生与听力正常学生语篇理解过程的认知比较
|
|
| 作者: | 贺荟中 著 | |
| 分册: | ||
| 出版信息: | 上海 复旦大学出版社 2004 |
|
| 页数: | 163页 | |
| 开本: | 20cm | |
| 丛书名: | 上海市社会科学博士文库 | |
| 单 册: | ||
| 中图分类: | H018.4 | |
| 科图分类: | ||
| 主题词: | 聋哑人--阅读教学--教学研究 , 阅读教学 , 教学研究 | |
| 电子资源: | ||
| ISBN: | 7-309-04256-5 | |
| 000 | 00983oam2 2200301 45 | |
| 001 | 0900000037569 | |
| 005 | 20051223110501.75 | |
| 010 | @a7-309-04256-5@dCNY10.00 | |
| 092 | @aCN | |
| 100 | @a20050602d2004 ekmy0chiy0120 ea | |
| 101 | 0 | @achi |
| 102 | @aCN@b310000 | |
| 105 | @ay az 000yy | |
| 200 | 1 | @a聋生与听力正常学生语篇理解过程的认知比较@9long sheng yu ting li zheng chang xue sheng yu pian li jie guo cheng de ren zhi bi jiao@f贺荟中著@Fhe hui zhong zhu |
| 210 | @a上海@c复旦大学出版社@d2004 | |
| 215 | @a163页@d20cm | |
| 225 | 2 | @a上海市社会科学博士文库 |
| 320 | @a有书目:第144-157页 | |
| 330 | @a本书包括研究背景与整体构思、系列实验研究及总讨论和总结等三部分。共五章。 | |
| 461 | 0 | @12001 @a上海市社会科学博士文库 |
| 606 | 0 | @a聋哑人@x阅读教学@x教学研究 |
| 606 | 0 | @a阅读教学 |
| 606 | 0 | @a教学研究 |
| 690 | @aH018.4@v4 | |
| 701 | 0 | @a贺荟中@Ahe hui zhong@4著 |
| 801 | 0 | @aCN@bCXYBOOK@c20051223 |
| 905 | @a10447@dH018.4@e82 | |
| 999 | @aYYW@eJDD | |
| 聋生与听力正常学生语篇理解过程的认知比较/贺荟中著.-上海:复旦大学出版社,2004 |
| 163页;20cm.-(上海市社会科学博士文库) |
| ISBN 7-309-04256-5:CNY10.00 |
| 本书包括研究背景与整体构思、系列实验研究及总讨论和总结等三部分。共五章。 |
| ● |
| 相关链接 |
|
|
|
|
正题名:聋生与听力正常学生语篇理解过程的认知比较
索取号:H018.4/82
 
预约/预借
| 序号 | 登录号 | 条形码 | 馆藏地/架位号 | 状态 | 备注 |
| 1 | 0372397 | 203723970 | 第二样本阅览室/ [索取号:H018.4/82] | 在馆 | |
| 2 | 0372398 | 203723989 | 第四借阅区/ [索取号:H018.4/82] | 在馆 | |
| 3 | 0372399 | 203723998 | 第四借阅区/ [索取号:H018.4/82] | 在馆 |